000 00687nam a2200289Ia 4500
005 20260324123823.0
008 008 260324s9999 xx 000 0 eng d
020 _a9780203828496
037 _aEBOOK
040 _aCRL
040 _beng
040 _cCRL
041 _2eng
041 _aeng
084 _qCRL
100 _aVictoria Krivogorsky
_91171772
245 0 _aLaw, Corporate Governance and Accounting
245 0 _bEuropean Perspectives
260 _bTaylor and Francis
260 _c2011
365 _a
365 _b255
856 _uhttp://www.taylorfrancis.com/books/9780203828496
942 _cEBOOK
999 _c1765621
_d1765621